A first course in complex analysis with applications / (Record no. 32898)

000 -LEADER
fixed length control field 01354cam a2200337 a 4500
001 - CONTROL NUMBER
control field 15531307
003 - CONTROL NUMBER IDENTIFIER
control field OSt
005 - DATE AND TIME OF LATEST TRANSACTION
control field 20210916162412.0
008 - FIXED-LENGTH DATA ELEMENTS--GENERAL INFORMATION
fixed length control field 081121s2009 maua 001 0 eng
010 ## - LIBRARY OF CONGRESS CONTROL NUMBER
LC control number 2008050293
020 ## - INTERNATIONAL STANDARD BOOK NUMBER
International Standard Book Number 9780763757724
038 ## - RECORD CONTENT LICENSOR
Staff Name khadija
040 ## - CATALOGING SOURCE
Original cataloging agency DLC
Transcribing agency DLC
Modifying agency DLC
050 00 - LIBRARY OF CONGRESS CALL NUMBER
Classification number QA331.7
Item number .Z55 2009
082 00 - DEWEY DECIMAL CLASSIFICATION NUMBER
Classification number 515.9
Edition number 22
100 1# - MAIN ENTRY--PERSONAL NAME
Personal name Zill, Dennis G.,
Dates associated with a name 1940-
9 (RLIN) 4603
245 12 - TITLE STATEMENT
Title A first course in complex analysis with applications /
Statement of responsibility, etc. Dennis G. Zill and Patrick D. Shanahan.
246 30 - VARYING FORM OF TITLE
Title proper/short title Complex analysis
250 ## - EDITION STATEMENT
Edition statement 2nd ed.
260 ## - PUBLICATION, DISTRIBUTION, ETC.
Place of publication, distribution, etc. Sudbury, Mass. :
Name of publisher, distributor, etc. Jones and Bartlett Publishers,
Date of publication, distribution, etc. c2009.
300 ## - PHYSICAL DESCRIPTION
Extent xii, 405 p., [52] p. :
Other physical details ill. ;
Dimensions 29 cm.
490 0# - SERIES STATEMENT
Series statement The Jones and Bartlett Publishers series in mathematics. Complex analysis
500 ## - GENERAL NOTE
General note Includes index.
505 0# - FORMATTED CONTENTS NOTE
Formatted contents note Complex numbers and the complex plane -- Complex functions and mappings -- Analytic functions -- Elementary functions -- Integration in the complex plane -- Series and residues -- Conformal mappings.
563 ## - BINDING INFORMATION
Binding note hardcover
650 #0 - SUBJECT ADDED ENTRY--TOPICAL TERM
Topical term or geographic name entry element Functions of complex variables.
9 (RLIN) 10426
700 1# - ADDED ENTRY--PERSONAL NAME
Personal name Shanahan, Patrick D.,
Dates associated with a name 1968-
9 (RLIN) 82511
906 ## - LOCAL DATA ELEMENT F, LDF (RLIN)
a 7
b cbc
c orignew
d 1
e ecip
f 20
g y-gencatlg
942 ## - ADDED ENTRY ELEMENTS (KOHA)
Source of classification or shelving scheme
Koha item type Book
Holdings
Withdrawn status Lost status Source of classification or shelving scheme Damaged status Not for loan Permanent Location Current Location Shelving location Date acquired Total Checkouts Total Renewals Full call number Barcode Date last seen Date last checked out Price effective from Koha item type Public note
          School of Mechanical & Manufacturing Engineering (SMME) School of Mechanical & Manufacturing Engineering (SMME) General Stacks 12/10/2015 2 3 515.9 ZIL SMME-1781 06/24/2024 02/27/2024 12/10/2015 Book Rack,47-Shelf,2
© 2023 Central Library, National University of Sciences and Technology. All Rights Reserved.